Daily Capital City Riddle #68 - Statistics

General Stats
  • This quiz has been taken 58 times
  • The average score is 30 of 37
Answer Stats
Type Answer % Correct
Alphabet Letter A
100%
Found Letter N
100%
Found Letter O
100%
Found Letter I
98%
Alphabet Letter S
98%
Found Letter T
98%
Alphabet Letter C
96%
Found Letter D
96%
Found Letter E
96%
Alphabet Letter G
96%
Alphabet Letter H
96%
Alphabet Letter B
93%
Alphabet Letter L
93%
Alphabet Letter R
93%
Alphabet Letter W
91%
Found Letter M
89%
Alphabet Letter K
87%
Correctly Placed Letter N
87%
Alphabet Letter P
87%
Alphabet Letter U
85%
Correctly Placed Letter O
83%
Correctly Placed Letter E
80%
Found Letter V
78%
Correctly Placed Letter M
76%
Alphabet Letter J
74%
Alphabet Letter Y
74%
Alphabet Letter Z
72%
Correctly Placed Letter E
70%
Alphabet Letter X
67%
Alphabet Letter F
65%
Correctly Placed Letter T
65%
Correctly Placed Letter I
63%
Alphabet Letter Q
61%
Correctly Placed Letter D
59%
Mystery Capital Montevideo
57%
Correctly Placed Letter O
57%
Correctly Placed Letter V
57%
No matching quizzes found
Score Distribution
Percent of People with Each Score
Percentile by Number Answered
Your Score History
You have not taken this quiz